<?xml version="1.0" encoding="UTF-8"?>
<record
    xmlns:xsi="http://www.w3.org/2001/XMLSchema-instance"
    xsi:schemaLocation="http://www.loc.gov/MARC21/slim http://www.loc.gov/standards/marcxml/schema/MARC21slim.xsd"
    xmlns="http://www.loc.gov/MARC21/slim">

  <leader>01116nam a2200301 i 4500</leader>
  <controlfield tag="005">20260429121912.0</controlfield>
  <controlfield tag="008">260426t20252024my a   gr     000 0bmay d</controlfield>
  <datafield tag="020" ind1=" " ind2=" ">
    <subfield code="a">9789673699636</subfield>
    <subfield code="c">RM30.00</subfield>
    <subfield code="q">paperback </subfield>
  </datafield>
  <datafield tag="040" ind1=" " ind2=" ">
    <subfield code="a">PPAK </subfield>
    <subfield code="b">eng</subfield>
    <subfield code="c">PPAK </subfield>
    <subfield code="e">rda </subfield>
  </datafield>
  <datafield tag="041" ind1="1" ind2=" ">
    <subfield code="a">may</subfield>
    <subfield code="h">ind</subfield>
  </datafield>
  <datafield tag="082" ind1="0" ind2="4">
    <subfield code="2">23</subfield>
    <subfield code="a">158.1088297 </subfield>
  </datafield>
  <datafield tag="090" ind1="0" ind2="0">
    <subfield code="a">158.1088297 </subfield>
    <subfield code="b">REV</subfield>
    <subfield code="d">G</subfield>
  </datafield>
  <datafield tag="100" ind1="0" ind2=" ">
    <subfield code="a">Revendeva. </subfield>
    <subfield code="q">(Reven Praga Deva), </subfield>
    <subfield code="e">author. </subfield>
  </datafield>
  <datafield tag="245" ind1="1" ind2="0">
    <subfield code="a">UZLAH : </subfield>
    <subfield code="b">Seni Mengambil Jeda daripada Riuhnya Dunia / </subfield>
    <subfield code="c">REVENDEVA. </subfield>
  </datafield>
  <datafield tag="246" ind1="3" ind2="3">
    <subfield code="i">Translation of: </subfield>
    <subfield code="a">The art of uzlah </subfield>
  </datafield>
  <datafield tag="250" ind1=" " ind2=" ">
    <subfield code="a">First Printing Edition. </subfield>
  </datafield>
  <datafield tag="264" ind1=" " ind2="1">
    <subfield code="a">Batu Caves, Selangor : </subfield>
    <subfield code="b">PUTEH PRESS, </subfield>
    <subfield code="c">2025</subfield>
  </datafield>
  <datafield tag="264" ind1=" " ind2="4">
    <subfield code="c">&#xA9;2024 </subfield>
  </datafield>
  <datafield tag="300" ind1=" " ind2=" ">
    <subfield code="a">216 pages : </subfield>
    <subfield code="c">illustrations ; </subfield>
    <subfield code="b">21 cm </subfield>
  </datafield>
  <datafield tag="336" ind1=" " ind2=" ">
    <subfield code="a">text</subfield>
    <subfield code="2">rdacontent</subfield>
  </datafield>
  <datafield tag="337" ind1=" " ind2=" ">
    <subfield code="a">unmediated</subfield>
    <subfield code="2">rdamedia</subfield>
  </datafield>
  <datafield tag="338" ind1=" " ind2=" ">
    <subfield code="a">volume</subfield>
    <subfield code="2">rdacarrier</subfield>
  </datafield>
  <datafield tag="546" ind1=" " ind2=" ">
    <subfield code="a">Text in Malay, translated from Indonesia. </subfield>
  </datafield>
  <datafield tag="650" ind1="1" ind2="0">
    <subfield code="a">Self-actualization (Psychology) </subfield>
    <subfield code="x">Religious aspects  </subfield>
    <subfield code="x">Islam</subfield>
  </datafield>
  <datafield tag="650" ind1="2" ind2="0">
    <subfield code="a">Motivation (Psychology) </subfield>
    <subfield code="x">Religious aspects </subfield>
    <subfield code="x">Islam</subfield>
  </datafield>
  <datafield tag="650" ind1="2" ind2="0">
    <subfield code="a">Self-acceptance </subfield>
    <subfield code="x">Religious aspects </subfield>
    <subfield code="x">Islam</subfield>
  </datafield>
  <datafield tag="942" ind1=" " ind2=" ">
    <subfield code="2">ddc</subfield>
    <subfield code="c">B</subfield>
  </datafield>
  <datafield tag="999" ind1=" " ind2=" ">
    <subfield code="c">204028</subfield>
    <subfield code="d">204028</subfield>
  </datafield>
</record>
